| 000 | 00894nam a22002537a 4500 | ||
|---|---|---|---|
| 999 |
_c63995 _d63995 |
||
| 005 | 20240530110709.0 | ||
| 008 | 180121s2015 ua a f b 000 0dara d | ||
| 017 |
_a2014/26726 _bمصر. دار الكتب |
||
| 020 | _a9789774313566 | ||
| 040 |
_aEG-CaGPL _cEG-CaGPL |
||
| 082 | 0 | 4 |
_221 _a618.92\ _bر أ |
| 100 | 0 | _aراندا مصطفى الديب | |
| 245 | 1 | 0 |
_aامراض الاطفال / _cاعداد راندا مصطفى الديب . |
| 250 | _aط.1 | ||
| 260 |
_aالقاهرة : _bمؤسسة طيبة للنشر والتوزيع، _c2015 . |
||
| 300 |
_a169 ص. : _bصور ؛ _c24 سم. |
||
| 504 | _aببليوجرفية : 162 - 166 | ||
| 650 | 0 | 7 |
_2qrmak _aالهندسة الوراثية |
| 650 | 0 | 7 |
_2qrmak _aالاطفال _xامراض |
| 650 | 0 | 7 |
_2qrmak _aطب الاطفال |
| 651 | _2qrmak | ||
| 942 |
_2ddc _cBK |
||